Library Logo

Political economy of SARC / (Record no. 63088)

000 -LEADER
fixed length control field 01059cam a2200349 a 4500
001 - CONTROL NUMBER
control field 562286
003 - CONTROL NUMBER IDENTIFIER
control field BD-DhUL
005 - DATE AND TIME OF LATEST TRANSACTION
control field 20160511101321.0
008 - FIXED-LENGTH DATA ELEMENTS--GENERAL INFORMATION
fixed length control field 870508s1985 bg b 000 0 eng
010 ## - LIBRARY OF CONGRESS CONTROL NUMBER
LC control number 85905275
035 ## - SYSTEM CONTROL NUMBER
System control number (OCoLC)15591999
035 ## - SYSTEM CONTROL NUMBER
System control number (OCoLC)ocm15591999
035 ## - SYSTEM CONTROL NUMBER
System control number (CStRLIN)NYCG87-B42416
035 ## - SYSTEM CONTROL NUMBER
System control number (NNC)562286
040 ## - CATALOGING SOURCE
Original cataloging agency BD-DhUL
Transcribing agency BD-DhUL
043 ## - GEOGRAPHIC AREA CODE
Geographic area code az-----
050 0# - LIBRARY OF CONGRESS CALL NUMBER
Classification number HC430.6
Item number .R34 1985
082 0# - DEWEY DECIMAL CLASSIFICATION NUMBER
Classification number 330.54
Item number ATP
090 ## - LOCALLY ASSIGNED LC-TYPE CALL NUMBER (OCLC); LOCAL CALL NUMBER (RLIN)
Local cutter number (OCLC) ; Book number/undivided call number, CALL (RLIN) .R34 1985
100 1# - MAIN ENTRY--PERSONAL NAME
Personal name Rahman, Atiur.
245 10 - TITLE STATEMENT
Title Political economy of SARC /
Statement of responsibility, etc. Atiur Rahman.
260 ## - PUBLICATION, DISTRIBUTION, ETC. (IMPRINT)
Place of publication, distribution, etc. Dhaka :
Name of publisher, distributor, etc. Dhaka University Press,
Date of publication, distribution, etc. 1985.
300 ## - PHYSICAL DESCRIPTION
Extent x, 99 p. ;
Dimensions 21 cm.
365 ## - TRADE PRICE
Price type code BDT
Price amount 50.00
504 ## - BIBLIOGRAPHY, ETC. NOTE
Bibliography, etc Includes bibliographical references.
610 20 - SUBJECT ADDED ENTRY--CORPORATE NAME
Corporate name or jurisdiction name as entry element South Asian Regional Cooperation.
651 #0 - SUBJECT ADDED ENTRY--GEOGRAPHIC NAME
Geographic name South Asia
General subdivision Economic conditions.
651 #0 - SUBJECT ADDED ENTRY--GEOGRAPHIC NAME
Geographic name South Asia
General subdivision Foreign economic relations.
710 2# - ADDED ENTRY--CORPORATE NAME
Corporate name or jurisdiction name as entry element South Asian Regional Cooperation.
942 ## - ADDED ENTRY ELEMENTS (KOHA)
Source of classification or shelving scheme
Koha item type Books
Holdings
Price effective from Date last seen Permanent Location Not for loan Date acquired Source of classification or shelving scheme Koha item type Lost status Withdrawn status Copy number Source of acquisition Collection code Damaged status Shelving location Barcode Current Location Full call number
2016-05-112016-05-11Dhaka University Library 2006-07-03 Books  6PurchasedNon Fiction General Stacks420446Dhaka University Library330.54 ATP
2016-05-112016-05-11Dhaka University Library 2006-07-03 Books  5PurchasedNon Fiction General Stacks420445Dhaka University Library330.54 ATP
2016-05-112016-05-11Dhaka University Library 2006-07-03 Books  1PurchasedNon Fiction General StacksA284126Dhaka University Library330.54 ATP
2016-05-112016-05-11Dhaka University Library 2006-07-03 Books  3PurchasedNon Fiction General StacksA284648Dhaka University Library330.54 ATP
2016-05-112016-05-11Dhaka University Library 2006-07-03 Books  2PurchasedNon Fiction General StacksA284127Dhaka University Library330.54 ATP
2016-05-112016-05-11Dhaka University Library 2016-05-11 Books  4GiftNon Fiction General Stacks384018Dhaka University Library330.54 ATP
Last Updated on September 15, 2019
© Dhaka University Library. All Rights Reserved|Staff Login